000 00301nam a22001337a 4500
008 170714b xxu||||| |||| 00| 0 eng d
020 _a070621977
041 _aeng
080 _a1(091)
100 _a24
101 _aFIL
245 _aPHILOSOPHY HISTORY AND PROBLEMS
_cSTUMPH, S.E
942 _2udc
_cBK
999 _c20822
_d20822